Do acto ao pensamento (Registo nº 26461)

Detalhes MARC
000 -Etiqueta do registo
Valores 00686nam a2200241 4500
090 ## -
-- 26461
100 ## - Dados gerais de processamento
Dados gerais 20090512d1979 m..y0pory5003 ba
101 1# - Língua de publicação
-- por
-- fre
102 ## - País de publicação
-- PT
200 1# - Titulo e menção de responsabilidade
Título próprio Do acto ao pensamento
Informação de outro título ensaio de psicologia comparada
Primeira menção de responsabilidade Henri Wallon
Outras menções de responsabilidade pref. e trad. J. Seabra Dinis
205 ## - Menção da edição
Edição 1ª ed
210 ## - Publicação
Local de publicação Lisboa
Nome do editor Moraes
Data de publicação 1979
215 ## - Descrição física 
Paginação / Volumes 224, [1] p.
Dimensões 24 cm
225 2# - Colecção 
Título próprio da colecção Psicologia e Pedagogia
Indicação de volume 98
300 ## - Notas gerais 
Texto da nota Tít. orig. : De l'acte à la pensée
675 ## - CDU
Notação 159.9
Edição med
Língua por
700 #1 - Autor principal (pessoa individual)
Apelido Wallon
Nome Henri
Datas 1879-1962
702 #1 - Autor secundário (pessoa individual)
Apelido Dinis
Nome J. Seabra
Datas 1914-
-- 730
930 ## -
-- BE/CRE
999 ## -
-- Moraes
990 ## - Elementos KOHA
Tipo de documento Livro
995 ## - Localização e informação dos exemplares
-- 18
Exemplares
Situação do levantamento Estado Biblioteca de origem Biblioteca de empréstimo Código de barras Cota Permissão de empréstimo Tipo de documento
  Completo Biblioteca da Escola Básica e Secundária Dr Isidoro de Sousa Biblioteca da Escola Básica e Secundária Dr Isidoro de Sousa 1754EV 159.9 PED Disponível Livro




Powered by Koha